[Event "IsBank TCh-TUR"]
[Site "Konya TUR"]
[Date "2010.07.07"]
[Round "11"]
[White "Heberla,B"]
[Black "Yeke,S"]
[Result "1-0"]
[WhiteElo "2532"]
[BlackElo "2321"]
[EventDate "2010.06.29"]

1. e4 c5 2. Nf3 g6 3. d4 cxd4 4. Qxd4 Nf6 5. e5 Nc6 6. Qa4 Nd5 7. Bb5 a6 8.
Bxc6 bxc6 9. O-O Bg7 10. Qh4 O-O 11. Bh6 f6 12. c4 Nc7 13. Bxg7 Kxg7 14.
Nc3 Ne6 15. Rad1 fxe5 16. Nxe5 Rf4 17. Qg3 Qc7 18. Rfe1 d6 19. Nxg6 hxg6
20. Rxe6 Bxe6 21. Qxf4 Rf8 22. Qd4+ Kg8 23. Re1 Bf5 24. Ne4 Rd8 25. Ng3 e5
26. Qe3 Be6 27. b3 Bf7 28. Qg5 d5 29. h4 e4 30. h5 Kh7 31. cxd5 cxd5 32.
Rc1 Qd6 33. hxg6+ Bxg6 34. Nf5 Bxf5 35. Qxf5+ Kg8 36. Rc3 Rd7 37. Rc8+ Kg7
38. Qg5+ Kf7 39. Qg8+ Kf6 40. Rf8+ Ke5 41. Qh8+ 1-0

[Event "IsBank TCh-TUR"]
[Site "Konya TUR"]
[Date "2010.07.07"]
[Round "11"]
[White "Topel,Z"]
[Black "Majdan,J"]
[Result "1-0"]
[WhiteElo "2226"]
[BlackElo "2348"]
[EventDate "2010.06.29"]

1. d4 d6 2. c4 e5 3. e4 exd4 4. Qxd4 Nc6 5. Qd1 g6 6. Bd3 Bg7 7. Ne2 Nf6 8.
f3 Nh5 9. O-O O-O 10. Nbc3 Re8 11. Be3 Ne5 12. b3 Bd7 13. Rc1 a5 14. a4 Kh8
15. Bb1 f5 16. Qd2 Nf7 17. Bd4 Be5 18. f4 Bxd4+ 19. Qxd4+ Ng7 20. exf5 gxf5
21. Ng3 c5 22. Qd2 h5 23. Rf3 h4 24. Nf1 Ne6 25. Rh3 Nd4 26. Qf2 Kg7 27.
Rxh4 Rg8 28. Ne3 Kf8 29. Rh5 Qf6 30. Ncd5 Qg6 31. Rh3 Re8 32. Rd1 Be6 33.
Rg3 Qh6 34. Rxg8+ Kxg8 35. Nc2 Bxd5 36. Nxd4 Be4 37. Nxf5 Qf6 38. Ng3 Bxb1
39. Rxb1 Nh6 40. Nh5 Qf7 41. Qg3+ Kf8 42. Qg5 Qh7 43. Rd1 Nf7 44. Qg4 Qe4
45. Qg7+ Ke7 46. Nf6 Qe3+ 47. Kh1 Qe2 48. Rg1 Rh8 49. Nd5+ Ke8 50. Qg3 Kf8
51. Re1 Qb2 52. Nc7 1-0

[Event "IsBank TCh-TUR"]
[Site "Konya TUR"]
[Date "2010.07.07"]
[Round "11"]
[White "Acarbay,Ay"]
[Black "Deruni,B"]
[Result "1/2-1/2"]
[WhiteElo "1885"]
[BlackElo "2107"]
[EventDate "2010.06.29"]

1. d4 Nf6 2. c4 e6 3. Nf3 b6 4. g3 Ba6 5. b3 Bb7 6. Bg2 Bb4+ 7. Bd2 a5 8.
O-O O-O 9. a3 Be7 10. Bc3 d5 11. Ne5 c6 12. Nd2 Nfd7 13. Nxd7 Nxd7 14. e4
b5 15. exd5 exd5 16. c5 Bf6 17. b4 Re8 18. Nf3 a4 19. Qd3 Nf8 20. Rae1 Qc7
21. Ne5 Bc8 22. Bd2 Ne6 23. f4 Bd7 24. Be3 Nf8 25. h3 g6 26. g4 Bg7 27. f5
f6 28. Nxd7 Qxd7 29. Bf4 g5 30. Bd6 Qf7 31. Qd2 Nd7 32. Rf3 Bf8 33. Rfe3
Rxe3 34. Qxe3 Bxd6 35. cxd6 Kf8 36. Qe7+ Qxe7 37. Rxe7 Rd8 38. Rxh7 Kg8 39.
Re7 Nf8 40. Kf2 Rxd6 41. Rc7 Kh8 42. Kg3 Nd7 43. Rb7 Kg7 44. Bf1 Kf7 45. h4
gxh4+ 46. Kxh4 Ke8 47. g5 fxg5+ 48. Kxg5 Kd8 49. Ra7 Nf6 50. Kg6 Ne8+ 51.
Kg5 Nf6 1/2-1/2

[Event "IsBank TCh-TUR"]
[Site "Konya TUR"]
[Date "2010.07.07"]
[Round "11"]
[White "Buyukasik,Betul"]
[Black "Asan,E"]
[Result "1/2-1/2"]
[WhiteElo "1670"]
[BlackElo "1796"]
[EventDate "2010.06.29"]

1. d4 Nf6 2. c4 e6 3. Nc3 d5 4. Bg5 c6 5. e3 Nbd7 6. Nf3 Be7 7. Qc2 O-O 8.
Rc1 Re8 9. Bd3 h6 10. Bh4 dxc4 11. Bxc4 Nd5 12. Bxe7 Qxe7 13. a3 Nxc3 14.
Qxc3 e5 15. dxe5 Nxe5 16. Nxe5 Qxe5 17. Qxe5 Rxe5 18. Ke2 Bf5 19. Rhd1 Rae8
20. Rc3 Kf8 21. Kf1 R5e7 22. Rcc1 Rd7 23. Rxd7 Bxd7 24. Rd1 Bf5 25. Rd2 Ke7
26. Ke2 Bg6 27. Bd3 Bxd3+ 28. Rxd3 Rd8 29. Rxd8 Kxd8 30. Kd3 Kd7 31. Kd4
Kd6 32. b4 f5 33. f3 g6 34. e4 fxe4 35. fxe4 Ke6 36. g4 b6 1/2-1/2

[Event "IsBank TCh-TUR"]
[Site "Konya TUR"]
[Date "2010.07.07"]
[Round "11"]
[White "Ersoz,B"]
[Black "Temizkan,D"]
[Result "1-0"]
[WhiteElo "1764"]
[BlackElo "1814"]
[EventDate "2010.06.29"]

1. e4 e5 2. Nf3 Nc6 3. Bc4 Nf6 4. d3 Be7 5. O-O d6 6. c3 Bg4 7. h3 Bh5 8.
Nbd2 O-O 9. Re1 Qd7 10. Nf1 Bg6 11. Ng3 h6 12. Bb3 Rfe8 13. Nh4 Bh7 14.
Nhf5 Bxf5 15. Nxf5 Nh7 16. Qg4 1-0

[Event "IsBank TCh-TUR"]
[Site "Konya TUR"]
[Date "2010.07.07"]
[Round "11"]
[White "Aslan,C"]
[Black "Ozturk,H"]
[Result "1-0"]
[WhiteElo "1572"]
[BlackElo "1671"]
[EventDate "2010.06.29"]

1. e4 e5 2. Nf3 Nc6 3. Bc4 Bc5 4. c3 Nf6 5. d4 exd4 6. cxd4 Bb4+ 7. Nc3
Nxe4 8. O-O Bxc3 9. d5 Bf6 10. Re1 Ne7 11. Rxe4 d6 12. g4 h6 13. h4 g5 14.
hxg5 hxg5 15. Bxg5 Bxg5 16. Nxg5 f6 17. Bb5+ Kf8 18. Qf3 Kg7 19. Rae1 Ng6
20. Re8 Ne5 21. R1xe5 dxe5 22. Rxd8 Rxd8 23. Ne4 Rf8 24. Ng3 a6 25. Nh5+
Kh6 26. Qe3+ Kg6 27. Bd3+ Kf7 28. Qh6 Ke7 29. Nxf6 Rxf6 30. Qg7+ Rf7 31.
Qxe5+ Kd8 32. Bg6 Rf8 33. d6 Bd7 34. Qe7+ 1-0

[Event "IsBank TCh-TUR"]
[Site "Konya TUR"]
[Date "2010.07.07"]
[Round "12"]
[White "Emiroglu,C"]
[Black "Sanal,V"]
[Result "1/2-1/2"]
[WhiteElo "2100"]
[BlackElo "2106"]
[EventDate "2010.06.29"]

1. e4 e5 2. Nf3 Nc6 3. Bc4 Nf6 4. d4 exd4 5. e5 d5 6. Bb5 Ne4 7. Nxd4 Bd7
8. Bxc6 bxc6 9. O-O Bc5 10. f3 Ng5 11. Be3 Bb6 12. f4 Ne4 13. Nd2 Nxd2 14.
Qxd2 c5 15. Nf3 d4 16. Bf2 O-O 17. a4 a5 18. c4 f5 19. exf6 Qxf6 20. Ne5
Be6 21. Bg3 Bf5 22. Qf2 c6 23. Bh4 Qe6 24. Qf3 Bc7 25. Rae1 Bc2 26. Nxc6
Qxc4 27. Ne7+ Kh8 28. f5 d3 29. Qh5 d2 30. Ng6+ Kg8 31. Ne7+ Kh8 1/2-1/2

[Event "IsBank TCh-TUR"]
[Site "Konya TUR"]
[Date "2010.07.07"]
[Round "12"]
[White "Arig,B"]
[Black "Soylemez,C"]
[Result "0-1"]
[WhiteElo "1778"]
[BlackElo "1935"]
[EventDate "2010.06.29"]

1. d4 Nf6 2. Nf3 e6 3. Bg5 h6 4. Bh4 c5 5. e3 b6 6. Bd3 Bb7 7. Nbd2 Be7 8.
O-O O-O 9. c3 cxd4 10. exd4 Nc6 11. Rc1 Nh5 12. Bxe7 Nxe7 13. Be4 Qc7 14.
Ne5 Nf6 15. Bxb7 Qxb7 16. Qf3 Qa6 17. a3 Qb5 18. Nd3 Ng6 19. c4 Qg5 20. Ne4
Nxe4 21. Qxe4 f5 22. Qe2 f4 23. Ne5 f3 24. Nxf3 Nf4 25. Qxe6+ dxe6 26. Nxg5
hxg5 27. Rc2 Rfd8 28. Rd1 Rac8 29. b3 e5 30. g3 Ne6 31. d5 Nd4 32. Rb2 b5
33. cxb5 Rxd5 34. Kg2 Rxb5 35. b4 Rc3 36. a4 Rb8 37. f4 Rc2+ 38. Rxc2 Nxc2
39. Rd2 Nxb4 40. fxe5 Re8 0-1

[Event "IsBank TCh-TUR"]
[Site "Konya TUR"]
[Date "2010.07.07"]
[Round "12"]
[White "Secer,A"]
[Black "Apaydin,F"]
[Result "1-0"]
[WhiteElo "2325"]
[BlackElo "2179"]
[EventDate "2010.06.29"]

1. e4 c5 2. Nf3 d6 3. d4 cxd4 4. Nxd4 Nf6 5. f3 e5 6. Bb5+ Nbd7 7. Nf5 a6
8. Bxd7+ Qxd7 9. Nc3 d5 10. Bg5 dxe4 11. Bxf6 gxf6 12. fxe4 Qxd1+ 13. Kxd1
Be6 14. Nd5 O-O-O 15. c4 Rg8 16. Ng3 h5 17. Rc1 h4 18. Nf5 Bxf5 19. exf5
Rxg2 20. Rc2 Rxc2 21. Kxc2 Bc5 22. b4 Bd4 23. Nxf6 h3 24. Rd1 Rh8 25. Rf1
Rh4 26. Kd3 Kd8 27. Ne4 Ke7 28. f6+ Kd7 29. Ng5 Ba7 30. Nxf7 Bb8 31. Ng5
Rf4 32. Rxf4 exf4 33. Ke4 f3 34. Nxf3 Ke6 35. Ng5+ Kxf6 36. Nxh3 Bxh2 37.
Kd5 Bb8 38. Nf2 Ke7 39. Ne4 Kd7 40. Nc5+ Kc7 41. Ne6+ Kd7 42. Nc5+ Kc7 43.
Ne6+ Kd7 44. a4 Bh2 45. a5 Bg3 46. b5 axb5 47. cxb5 Bh2 48. Nc5+ Kc8 49. b6
Kd8 50. Nb3 Bg3 51. Kc4 Be1 52. Kb5 Bg3 53. Nc5 Bf4 54. a6 bxa6+ 55. Nxa6
Kc8 56. Nc5 Kb8 57. Kc6 Bh2 58. Na6+ Ka8 59. Nc5 Kb8 60. Na6+ Ka8 61. Nc7+
Kb8 62. Nb5 Bg1 63. b7 Bf2 64. Nd6 Bg3 65. Ne4 Bc7 66. Nf6 Bh2 67. Kb6 Bg1+
68. Ka6 Kc7 69. Nd7 1-0

[Event "IsBank TCh-TUR"]
[Site "Konya TUR"]
[Date "2010.07.07"]
[Round "12"]
[White "Marasli,T"]
[Black "Erturan,Y"]
[Result "0-1"]
[WhiteElo "2185"]
[BlackElo "2377"]
[EventDate "2010.06.29"]

1. e4 e5 2. Nf3 Nc6 3. Bb5 a6 4. Ba4 Nf6 5. O-O Be7 6. Re1 b5 7. Bb3 O-O 8.
c3 d6 9. a4 Bb7 10. d4 exd4 11. cxd4 Nb4 12. Nc3 c5 13. axb5 axb5 14. Rxa8
Bxa8 15. dxc5 dxc5 16. Qxd8 Rxd8 17. e5 Ng4 18. Nxb5 Nd3 19. Rf1 Bxf3 20.
gxf3 Ngxe5 21. Kg2 Rb8 22. Ba4 Nxc1 23. Rxc1 Nd3 24. Rb1 Bf6 25. b3 g6 26.
Nd6 Be5 27. Nc4 Bd4 28. Rd1 Nf4+ 29. Kf1 Nd5 30. Re1 Kf8 31. Ne5 Rc8 32.
Nc6 Nc3 33. Ne5 Nxa4 34. bxa4 Ra8 35. Nd7+ Kg7 36. Rc1 Ra5 37. Nb6 Kf6 38.
Rc2 Ke7 39. Ke2 Ra6 40. Nd5+ Kd6 41. Nc3 Bxc3 42. Rxc3 Rxa4 43. Rd3+ Kc6
44. Kf1 Ra1+ 45. Kg2 Ra7 46. f4 c4 47. Rh3 Kc5 48. Kf1 Kb4 0-1

[Event "IsBank TCh-TUR"]
[Site "Konya TUR"]
[Date "2010.07.07"]
[Round "12"]
[White "Ozturk,Ku"]
[Black "Ushenina,A"]
[Result "0-1"]
[WhiteElo "2273"]
[BlackElo "2468"]
[EventDate "2010.06.29"]

1. d4 Nf6 2. c4 g6 3. Nf3 Bg7 4. g3 d5 5. cxd5 Nxd5 6. Bg2 Nb6 7. Nc3 O-O
8. O-O Nc6 9. e3 Re8 10. a4 a5 11. Nb5 Nb4 12. Bd2 c6 13. Na3 Bf5 14. Bc3
Be4 15. Ne1 Bxg2 16. Nxg2 e5 17. Nc2 N6d5 18. Qd2 Nxc2 19. Qxc2 exd4 20.
exd4 Qb6 21. Rad1 Rad8 22. Rd3 Nb4 23. Bxb4 Qxb4 24. Nf4 Rxd4 25. Rxd4 Bxd4
26. b3 Qc3 27. Qxc3 Bxc3 28. Kg2 Rd8 29. Rc1 Be5 30. Ne2 Rd3 31. Rc5 Bc7
32. Rc3 Rd2 33. Re3 Kf8 34. Kf1 Rd1+ 35. Kg2 Bb6 36. Rf3 Rd2 37. Nf4 Ke7
38. h4 Bd4 39. Kf1 Rb2 40. g4 b5 41. Ne2 Rb1+ 42. Kg2 Rd1 43. Rf4 Bb2 44.
Re4+ Kd7 45. Rf4 f6 46. h5 gxh5 47. gxh5 Rd5 48. Rh4 bxa4 49. bxa4 c5 50.
Nf4 Rd4 51. Rg4 Kd6 52. Kf3 Bc1 53. Ne2 Rxg4 54. Kxg4 Bb2 55. Kf5 c4 56.
Ke4 Kc5 57. Ke3 Kb4 58. Kd2 Kb3 59. Kd1 h6 60. f3 Kxa4 61. Kc2 c3 62. Nd4
Kb4 63. Nc6+ Kb5 64. Ne7 Kc4 65. Nf5 0-1

[Event "IsBank TCh-TUR"]
[Site "Konya TUR"]
[Date "2010.07.07"]
[Round "12"]
[White "Savchenko,B"]
[Black "Atakisi,U"]
[Result "1-0"]
[WhiteElo "2642"]
[BlackElo "2384"]
[EventDate "2010.06.29"]

1. Nf3 Nf6 2. c4 c5 3. d4 cxd4 4. Nxd4 Nc6 5. Nc3 g6 6. e4 Nxd4 7. Qxd4 d6
8. Bg5 Bg7 9. Qd2 O-O 10. Rc1 a5 11. Bd3 a4 12. O-O Be6 13. Nb5 Nd7 14. Kh1
Nc5 15. Bb1 Bd7 16. Rfd1 Bxb5 17. cxb5 Re8 18. Qe2 Rc8 19. h4 Qa5 20. Bd2
Qa8 21. Be3 Qa5 22. e5 Ne6 23. Rxc8 Rxc8 24. exd6 exd6 25. Be4 Qb4 26. Bxb7
Rb8 27. Bc6 Qxh4+ 28. Kg1 Be5 29. g3 Qb4 30. Ba7 Kf8 31. Qe4 Qxb2 32. Qxa4
h5 33. Qb3 Qxb3 34. axb3 Rd8 35. b6 d5 36. Bxd5 Nd4 37. b7 Rxd5 38. Rxd4
Ra5 39. Rd8+ Kg7 40. Bd4 1-0

[Event "IsBank TCh-TUR"]
[Site "Konya TUR"]
[Date "2010.07.07"]
[Round "12"]
[White "Sirin,A"]
[Black "Yilmazyerli,M"]
[Result "1/2-1/2"]
[WhiteElo "2250"]
[BlackElo "2295"]
[EventDate "2010.06.29"]

1. d4 d5 2. Nc3 Nf6 3. Bg5 g6 4. Bxf6 exf6 5. e3 Bg7 6. g3 f5 7. Bg2 c6 8.
Nge2 Nd7 9. Nf4 Nf6 10. h4 h5 11. Nce2 Qd6 12. a3 b6 13. Rc1 Ba6 14. c3 O-O
15. Qa4 Bb5 16. Qb4 Qd7 17. a4 a5 18. Qa3 Ba6 19. b3 Rfe8 20. O-O Ne4 21.
Qa2 Bf8 22. c4 Bb4 23. Rfd1 Rac8 24. Nd3 Qe7 25. Nef4 Bd6 26. Qe2 Kg7 27.
Rc2 Bxf4 28. Nxf4 Qb4 29. Bxe4 fxe4 30. Rb2 Rb8 31. Rdb1 dxc4 32. bxc4 Qxa4
33. Rxb6 Rxb6 34. Rxb6 Bxc4 35. Nxh5+ gxh5 36. Qxh5 Qa1+ 1/2-1/2

[Event "IsBank TCh-TUR"]
[Site "Konya TUR"]
[Date "2010.07.07"]
[Round "12"]
[White "Suer,U"]
[Black "Firat,B"]
[Result "0-1"]
[WhiteElo "1793"]
[BlackElo "2403"]
[EventDate "2010.06.29"]

1. e4 e6 2. d4 d5 3. exd5 exd5 4. Bd3 Nc6 5. c3 Bd6 6. Nf3 Nge7 7. Bg5 f6
8. Bh4 Bg4 9. Nbd2 Qd7 10. Qe2 O-O-O 11. O-O-O Ng6 12. Bg3 Rde8 13. Qf1 Nf4
14. Bxf4 Bxf4 15. Kb1 Ne7 16. h3 Bh5 17. Nb3 Kb8 18. Nc5 Qd6 19. Re1 Bf7
20. g3 Bh6 21. Bc2 b6 22. Nb3 Be6 23. Qd3 Qd7 24. h4 Nc8 25. Qa6 Nd6 26.
Nfd2 Bf5 27. f4 g6 28. a4 Qc8 29. Qxc8+ Kxc8 30. a5 Kd7 31. axb6 axb6 32.
Nf3 Bg7 33. Nbd2 c6 34. Rxe8 Rxe8 35. Re1 Rg8 36. Kc1 Bh3 37. Ng1 Bg4 38.
Bd1 Be6 39. b3 Nf5 40. Nf1 Bf8 41. g4 Nxh4 42. Ne3 Ba3+ 43. Kc2 Bd6 44. Rf1
g5 45. f5 Bf7 46. Nh3 Ra8 47. Kb2 Re8 48. Nc2 Bg8 49. Kc1 Ng2 50. Kd2 Bf7
51. Bf3 Nh4 52. Be2 Rh8 53. Ne3 h5 54. Ng1 Bf4 55. Nh3 Bxe3+ 56. Kxe3 hxg4
57. Bxg4 Re8+ 58. Kd2 Re4 59. Rg1 Bg8 60. Bd1 Re8 61. Bh5 Ra8 62. Bd1 Nxf5
63. Rf1 Nd6 64. Bg4+ Be6 65. Bxe6+ Kxe6 66. Kd3 Ne4 67. Re1 Ra2 68. c4 Rd2+
69. Ke3 Rb2 0-1

[Event "IsBank TCh-TUR"]
[Site "Konya TUR"]
[Date "2010.07.07"]
[Round "12"]
[White "Atalik,E"]
[Black "Zdebskaja,N"]
[Result "1/2-1/2"]
[WhiteElo "2444"]
[BlackElo "2383"]
[EventDate "2010.06.29"]

1. d4 Nf6 2. c4 e6 3. Nc3 Bb4 4. e3 c5 5. Bd3 d5 6. Nf3 O-O 7. O-O Nc6 8.
a3 Bxc3 9. bxc3 dxc4 10. Bxc4 Qc7 11. h3 e5 12. Bb2 e4 13. Nd2 Bf5 14. a4
Rfe8 15. Qe2 Rad8 16. Ba3 b6 17. Bb5 Re6 18. Rfd1 Nd5 19. Rac1 Rg6 20. Qh5
Nxe3 21. fxe3 Qg3 22. Bf1 Bg4 23. hxg4 Qxe3+ 24. Kh1 Rh6 25. Nc4 Qg5 26.
Qxh6 Qxh6+ 27. Kg1 cxd4 28. cxd4 Qf4 29. d5 e3 30. dxc6 Qf2+ 31. Kh1 Qh4+
32. Kg1 Qf2+ 33. Kh1 Qh4+ 34. Kg1 Qf2+ 1/2-1/2

[Event "IsBank TCh-TUR"]
[Site "Konya TUR"]
[Date "2010.07.07"]
[Round "12"]
[White "Isparta,Sevim"]
[Black "Firat,Deniz"]
[Result "1/2-1/2"]
[WhiteElo "1605"]
[BlackElo "1621"]
[EventDate "2010.06.29"]

1. e4 c5 2. Nf3 d6 3. d4 cxd4 4. Nxd4 Nf6 5. Nc3 a6 6. Be3 e5 7. Nb3 Be7 8.
f3 O-O 9. Qd2 Be6 10. g4 Qc7 11. g5 Nfd7 12. h4 Nc5 13. O-O-O Nbd7 14. Nxc5
dxc5 15. h5 b5 16. Bh3 Bxh3 17. Nd5 Qd8 18. Nxe7+ Qxe7 19. Rxh3 Nb6 20. b3
Qc7 21. Qd6 Rac8 22. Qxc7 Rxc7 23. Rd6 Rb8 24. g6 a5 25. h6 fxg6 26. hxg7
a4 27. Re6 Kxg7 28. Rxe5 Rbc8 29. Re6 Na8 30. Kb2 axb3 31. axb3 Rd7 32. Re5
Rdc7 33. f4 b4 34. f5 c4 35. fxg6 hxg6 36. Bd4 Kg8 37. Rb5 cxb3 38. Rh8+
Kf7 39. Rxc8 Rxc8 40. Kxb3 Re8 41. e5 g5 42. Rxb4 g4 43. Bc3 Rg8 44. Rf4+
Ke8 45. Rb4 Ke7 46. Bd4 g3 47. c4 g2 48. Bg1 Ke6 49. Rb5 Rg5 50. Rb8 Nc7
51. Rc8 Kd7 52. Rf8 Rxe5 53. Rg8 Re2 54. Kb4 Ne6 55. Rg4 Kd6 56. c5+ Nxc5
57. Bxc5+ Ke5 1/2-1/2

[Event "IsBank TCh-TUR"]
[Site "Konya TUR"]
[Date "2010.07.07"]
[Round "12"]
[White "Zeytinoglu,N"]
[Black "Kerigan,D"]
[Result "0-1"]
[WhiteElo "1927"]
[BlackElo "2126"]
[EventDate "2010.06.29"]

1. e4 d5 2. exd5 Qxd5 3. Nc3 Qa5 4. d4 c6 5. Nf3 Bf5 6. Bd2 e6 7. Bc4 Nf6
8. Nd5 Qd8 9. Nxf6+ gxf6 10. Bb3 Bd6 11. Qe2 Nd7 12. O-O-O Qc7 13. Nh4 Bg6
14. Qf3 O-O-O 15. h3 Kb8 16. Rhe1 c5 17. Nxg6 hxg6 18. dxc5 Nxc5 19. Bc3
Bf4+ 20. Kb1 Be5 21. Bb4 Bd6 22. Kc1 Bf4+ 23. Kb1 Be5 24. Bd2 Na6 25. Be3
Rd7 26. c3 Rhd8 27. Rxd7 f5 28. Red1 Rxd7 29. Qe2 Bd6 30. Bc1 f4 31. Bc2
Nc5 32. Qc4 e5 0-1

[Event "IsBank TCh-TUR"]
[Site "Konya TUR"]
[Date "2010.07.07"]
[Round "12"]
[White "Aydogdu,A"]
[Black "Kazdagli,B"]
[Result "1-0"]
[WhiteElo "2083"]
[BlackElo "1823"]
[EventDate "2010.06.29"]

1. d4 Nf6 2. c4 g6 3. Nf3 Bg7 4. Nc3 O-O 5. g3 d6 6. Bg2 c6 7. O-O Qa5 8.
h3 Qa6 9. b3 b5 10. Nd2 Bb7 11. Bb2 Nbd7 12. Qc2 Rac8 13. Rac1 Qb6 14. e3
a5 15. Rfd1 b4 16. Nce4 c5 17. d5 Ra8 18. f4 a4 19. Ng5 axb3 20. axb3 Ra2
21. Rb1 Rfa8 22. Kh2 Ne8 23. Rf1 Qa5 24. Qc1 Bxb2 25. Rxb2 1-0

[Event "IsBank TCh-TUR"]
[Site "Konya TUR"]
[Date "2010.07.07"]
[Round "12"]
[White "Selbes,T"]
[Black "Atalik,S"]
[Result "0-1"]
[WhiteElo "2263"]
[BlackElo "2607"]
[EventDate "2010.06.29"]

1. e4 e5 2. Nf3 Nc6 3. Bb5 a6 4. Ba4 Nf6 5. O-O d6 6. c3 Bd7 7. Re1 g6 8.
d4 Qe7 9. d5 Nb8 10. Bxd7+ Nbxd7 11. c4 Bg7 12. Nc3 O-O 13. Rb1 c5 14. a3
Rfc8 15. Nd2 Bh6 16. Qe2 Nh5 17. g3 Ng7 18. Nb3 Bxc1 19. Nxc1 f5 20. Nd3 f4
21. gxf4 Rf8 22. Kh1 exf4 23. e5 dxe5 24. Nxe5 f3 25. Qe4 Nxe5 26. Qxe5 Qh4
27. Qg3 Qxc4 28. Rbd1 Rad8 29. d6 Qf4 30. Nd5 Qxg3 31. hxg3 Nf5 32. g4 Nxd6
33. g5 Nf7 34. Re7 Kh8 35. Rxb7 Nxg5 36. Nc3 Rd4 37. Rxd4 cxd4 38. Nd5 Rd8
0-1

[Event "IsBank TCh-TUR"]
[Site "Konya TUR"]
[Date "2010.07.07"]
[Round "12"]
[White "Vatansever,Buse"]
[Black "Yigit,A"]
[Result "0-1"]
[WhiteElo "1547"]
[BlackElo "1734"]
[EventDate "2010.06.29"]

1. e4 e5 2. Nf3 Nc6 3. Bb5 a6 4. Ba4 Nf6 5. Qe2 Be7 6. d3 b5 7. Bb3 O-O 8.
c3 Re8 9. Nbd2 Bf8 10. Nf1 d5 11. Bg5 dxe4 12. dxe4 Be6 13. Rd1 Qe7 14. Ne3
Na5 15. Bxe6 Qxe6 16. Bxf6 Qxf6 17. Ng4 Qf4 18. h3 f5 19. exf5 Qxf5 20. O-O
Bd6 21. Rd5 Qe6 22. Rfd1 Nc4 23. Ng5 Qe7 24. Ne4 Rad8 25. b3 Nb6 26. R5d3
Rd7 27. Rg3 Kh8 28. Rdd3 Kg8 29. Rd1 Kh8 30. Rdd3 Rf8 31. Rdf3 Rdd8 32. Ne3
Rxf3 33. Qxf3 Rf8 34. Qh5 Qf7 35. Qxf7 Rxf7 36. Nxd6 cxd6 37. Nc2 a5 38.
Na3 Rb7 39. Nxb5 Nc8 40. c4 Kg8 41. Rd3 Rb6 42. a4 Kf7 43. Kf1 Ke6 44. Ke2
Ne7 45. g4 Ng6 46. Nc7+ Kf7 47. Nd5 Rb7 48. Kd2 Ke6 49. Re3 Rf7 50. f3 Kd7
51. Rd3 Kc6 52. Ke2 Nf8 53. Nc3 Ne6 54. Nd5 Nd4+ 55. Kf2 Rb7 56. f4 Nxb3
57. fxe5 dxe5 58. Ke3 Nc5 59. Ra3 Rb2 60. Kf3 Rh2 61. Kg3 Rd2 62. Ne3 Rb2
63. Nd5 Rb3+ 64. Rxb3 Nxb3 65. Kf2 Nd2 66. Ne3 Kc5 67. Nf5 g6 68. Ne7 Nxc4
69. Ke2 Nb2 70. Kd2 Nxa4 71. Kc2 Nb6 72. h4 e4 73. h5 Nd5 74. Ng8 e3 75.
hxg6 hxg6 76. Nh6 e2 77. Kd2 Nf4 78. g5 a4 79. Ng4 a3 80. Ne3 0-1

[Event "IsBank TCh-TUR"]
[Site "Konya TUR"]
[Date "2010.07.07"]
[Round "12"]
[White "Asan,E"]
[Black "Kaplan,E"]
[Result "1-0"]
[WhiteElo "1796"]
[BlackElo "1799"]
[EventDate "2010.06.29"]

1. e4 c5 2. Nf3 d6 3. d4 cxd4 4. Qxd4 Bd7 5. c4 Nc6 6. Qd2 Nf6 7. Nc3 g6 8.
b3 Bg7 9. Bb2 O-O 10. Be2 Qa5 11. Rb1 Rfe8 12. O-O a6 13. h3 Rab8 14. a3 b5
15. b4 Qd8 16. cxb5 axb5 17. Qe3 Qb6 18. Qd3 d5 19. Nxd5 Nxd5 20. Qxd5 Be6
21. Qg5 h6 22. Qh4 Bxb2 23. Rxb2 Kg7 24. Rc1 Ra8 25. Rc5 Bc4 26. Bxc4 bxc4
27. Rxc4 Rxa3 28. b5 Na7 29. Qf4 f6 30. Qc7 Qe6 31. Nd4 Qxe4 32. Re2 Qb1+
33. Rc1 Qb4 34. b6 Nc8 35. b7 Ra7 36. bxc8=Q Rxc8 37. Qxc8 Qxd4 38. Qc5 Qd7
1-0

[Event "IsBank TCh-TUR"]
[Site "Konya TUR"]
[Date "2010.07.07"]
[Round "12"]
[White "Serin,S"]
[Black "Catalkilic,O"]
[Result "1/2-1/2"]
[WhiteElo "1719"]
[BlackElo "1962"]
[EventDate "2010.06.29"]

1. d4 d5 2. Nf3 Nf6 3. Bg5 Qd6 4. c3 Bf5 5. e3 Qb6 6. Qb3 Nbd7 7. Nbd2 e6
8. Nh4 Bg6 9. Nxg6 hxg6 10. Bf4 Rc8 11. Bg5 Ra8 12. Bf4 Rc8 13. h3 c5 14.
Qxb6 Nxb6 15. Bd3 Be7 16. O-O O-O 17. dxc5 Bxc5 18. Nb3 Be7 19. Rab1 Nfd7
20. Rfe1 Rfd8 21. e4 Nc5 22. Bc2 Nxe4 23. Bxe4 dxe4 24. Rxe4 Rc4 25. Rd4
Rcxd4 26. Nxd4 Nd5 27. Bg3 a6 28. Kf1 Bc5 29. Nb3 Be7 30. Nd4 Bc5 31. Nb3
Be7 32. Ke2 Kf8 33. Rd1 Bf6 34. c4 Nb4 35. Rxd8+ Bxd8 36. Bd6+ Be7 37. a3
Nc6 38. Nc5 Nd8 39. Kd3 1/2-1/2

[Event "IsBank TCh-TUR"]
[Site "Konya TUR"]
[Date "2010.07.07"]
[Round "12"]
[White "Yeke,S"]
[Black "Arutinian,D"]
[Result "0-1"]
[WhiteElo "2321"]
[BlackElo "2566"]
[EventDate "2010.06.29"]

1. e4 g6 2. d4 Bg7 3. Nf3 d6 4. c4 Bg4 5. Be2 Bxf3 6. Bxf3 Nc6 7. Be3 e5 8.
d5 Nd4 9. Nc3 Ne7 10. Be2 c5 11. Bd3 Qd7 12. Qa4 f5 13. f3 h5 14. Kd2 Bh6
15. Bxh6 Rxh6 16. Rab1 a5 17. Qxd7+ Kxd7 18. Bc2 Kc7 19. a3 f4 20. b4 axb4
21. axb4 g5 22. bxc5 dxc5 23. Nb5+ Nxb5 24. Rxb5 b6 25. Rbb1 Kb7 26. Ra1
Rhh8 27. Ba4 Ra5 28. Kc2 Rha8 29. Kb3 b5 30. cxb5 Nc8 31. b6 Kxb6 32. Ra3
Nd6 33. Rha1 g4 34. h4 g3 35. R3a2 Kc7 36. Rd1 Rb8+ 37. Kc2 Rba8 38. Kb3
R8a6 39. Rdd2 Kd8 40. Rd1 Rb6+ 41. Kc2 Nc4 42. Kc3 Ne3 43. Rdd2 Rba6 44.
Bb3 Kc7 45. d6+ Rxd6 46. Bd5 Rda6 47. Kb3 0-1

[Event "IsBank TCh-TUR"]
[Site "Konya TUR"]
[Date "2010.07.07"]
[Round "12"]
[White "Dincel,M"]
[Black "Topel,Z"]
[Result "0-1"]
[WhiteElo "1824"]
[BlackElo "2226"]
[EventDate "2010.06.29"]

1. c4 g6 2. Nc3 Bg7 3. e4 d6 4. Nge2 c5 5. g3 Nc6 6. h3 e5 7. d3 Be6 8. Bg2
f5 9. f4 Nf6 10. Nd5 O-O 11. O-O Qd7 12. Kh2 Rae8 13. Nec3 fxe4 14. Nxf6+
Bxf6 15. Nxe4 Bg7 16. Be3 Kh8 17. Qd2 Bf5 18. Ng5 exf4 19. Bxf4 Ne5 20.
Bxe5 Bxe5 21. Ne4 Qg7 22. Rab1 Re7 23. Ng5 Bd4 24. Rbe1 Rxe1 25. Rxe1 Be5
26. Rf1 Re8 27. Bd5 Re7 28. Ne4 Bxe4 29. dxe4 Bxb2 30. Rf3 Bd4 31. Qe2 Qh6
32. Qf1 Qd2+ 33. Kh1 h5 34. Rf8+ Kg7 35. Rf7+ Rxf7 36. Qxf7+ Kh6 37. Qf8+
Bg7 38. Qxd6 Qc1+ 39. Kg2 Qb2+ 40. Kh1 Qb1+ 41. Kg2 Qxa2+ 42. Kh1 Qb1+ 43.
Kg2 Qc2+ 44. Kh1 Qd1+ 45. Kg2 Qe2+ 46. Kh1 Qf1+ 47. Kh2 Qf2+ 48. Kh1 Qe1+
49. Kg2 Qd2+ 50. Kh1 Qc1+ 51. Kg2 Qb2+ 52. Kh1 Qc1+ 53. Kg2 Qd2+ 54. Kh1
Qd1+ 55. Kg2 b6 56. Qf4+ Kh7 57. Qc7 a5 58. Qxb6 Qe2+ 59. Kh1 Qf1+ 60. Kh2
Qf2+ 61. Kh1 Qxg3 62. Qxc5 Qxh3+ 63. Kg1 Qg3+ 64. Kh1 Qf3+ 65. Kg1 a4 0-1

[Event "IsBank TCh-TUR"]
[Site "Konya TUR"]
[Date "2010.07.07"]
[Round "12"]
[White "Karabayir,M"]
[Black "Ersoz,B"]
[Result "1/2-1/2"]
[WhiteElo "1867"]
[BlackElo "1764"]
[EventDate "2010.06.29"]

1. e4 c5 2. Nf3 d6 3. d4 cxd4 4. Qxd4 a6 5. c4 Nc6 6. Qd2 Nf6 7. Nc3 e6 8.
b3 Be7 9. Bb2 O-O 10. Be2 Qc7 11. O-O Rd8 12. Rfd1 b6 13. Rac1 Bb7 14. Nd4
Rac8 15. Nxc6 Bxc6 16. Nd5 Bxd5 17. cxd5 Qd7 18. Qd4 Rc5 19. dxe6 Qxe6 20.
Bxa6 Ne8 21. Bc4 Qh6 22. Qd3 Rdc8 23. a4 Bf6 24. Bxf6 Qxf6 25. Qd4 Qh6 26.
h3 Qh5 27. Qe3 h6 28. Bb5 Qe5 29. Rxc5 dxc5 30. Rd5 Qa1+ 31. Kh2 Nc7 32.
Rd7 Nxb5 33. axb5 Qe5+ 34. g3 Qe6 35. Qd3 Qf6 36. Kg2 Re8 37. Qd5 Re5 38.
Qc6 Re6 39. Qa8+ Kh7 40. Qd5 Kg8 41. Qd3 g6 42. Qd5 Qb2 43. Rd6 Rxd6 44.
Qxd6 Qxb3 45. Qxb6 c4 46. Qd8+ Kg7 47. Qd4+ Kg8 48. Qd5 Qb4 49. Qd8+ Kg7
50. Qd4+ Kg8 51. b6 Qb3 52. Qd8+ Kg7 53. Qc7 c3 54. b7 c2 55. Qe5+ Kh7 56.
Qd5 Qxd5 57. exd5 c1=Q 58. b8=Q Qc5 59. Qb7 Kg7 60. Qc6 Qd4 61. d6 Kf6 62.
Qc7 Qe4+ 63. Kh2 Qe2 64. Qd8+ Kg7 65. Qb6 Qd2 66. Qc5 Kf6 67. Kg2 Qg5 68.
Qd4+ Ke6 69. d7 Qd8 70. Qc4+ Ke7 71. Qh4+ Kxd7 72. Qxh6 Qa8+ 73. Kh2 Qd5
74. Qe3 Kd8 75. h4 Kd7 76. Qa7+ Ke8 77. Qb8+ Ke7 78. Qb4+ Ke8 79. Qf4 Kf8
80. g4 Qd8 81. Kg3 Qd3+ 82. Qe3 Qd6+ 83. f4 Qd1 84. f5 Qd6+ 85. Kh3 gxf5
86. gxf5 Qd7 87. Qf3 Kg7 88. h5 Kf6 89. h6 Qd2 90. Qc6+ Kxf5 91. h7 Qe3+
92. Kh2 Qf4+ 93. Kh1 Qe3 94. Kh2 Qf4+ 95. Kh1 Qf1+ 96. Kh2 Qf4+ 97. Kg2
Qg4+ 98. Kf2 Qh4+ 99. Ke2 Qh2+ 100. Ke1 Qe5+ 101. Kd2 Qd4+ 102. Kc1 Qa1+
103. Kd2 Qd4+ 104. Kc2 Qh8 105. Qh6 Qc8+ 106. Kb3 Qb8+ 107. Ka4 Qh8 108.
Qh5+ Kf6 109. Qh6+ Kf5 110. Kb5 Qb8+ 111. Kc5 Qe5+ 112. Kc6 Qe8+ 113. Kc5
Qe5+ 114. Kb6 Qb8+ 115. Kc6 Qc8+ 116. Kd5 Qd8+ 117. Qd6 Qh8 118. Qc7 Kg6
1/2-1/2